[Event "Russian Rapid Team Championship (m)"]
[Site "Sochi"]
[Date "2022.10.19"]
[Round "9.5"]
[White "Malakhov, Vladimir"]
[Black "Petrov, Nikita"]
[Result "1/2-1/2"]
[BlackElo "2496"]
[WhiteElo "2670"]
[LiveChessVersion "1.4.8"]

1. e4 {[%clk 0:15:18]} e5 {[%clk 0:15:19]} 2. Nf3 {[%clk 0:15:26]} Nc6
{[%clk 0:15:27]} 3. Bc4 {[%clk 0:15:34]} Bc5 {[%clk 0:15:35]} 4. O-O
{[%clk 0:15:41]} d6 {[%clk 0:15:43]} 5. c3 {[%clk 0:15:46]} Nf6 {[%clk 0:15:51]}
6. d3 {[%clk 0:15:52]} a5 {[%clk 0:15:54]} 7. Nbd2 {[%clk 0:15:53]} O-O
{[%clk 0:15:47]} 8. h3 {[%clk 0:16:01]} Be6 {[%clk 0:14:58]} 9. Bb5
{[%clk 0:16:09]} Ba7 {[%clk 0:14:45]} 10. Re1 {[%clk 0:16:04]} Ne7
{[%clk 0:14:25]} 11. Nf1 {[%clk 0:15:45]} Ng6 {[%clk 0:13:48]} 12. Ng3
{[%clk 0:15:17]} c6 {[%clk 0:13:38]} 13. Ba4 {[%clk 0:14:14]} b5 {[%clk 0:12:57]}
14. Bc2 {[%clk 0:13:59]} a4 {[%clk 0:08:20]} 15. d4 {[%clk 0:14:01]} c5
{[%clk 0:08:28]} 16. Be3 {[%clk 0:07:13]} cxd4 {[%clk 0:07:36]} 17. cxd4
{[%clk 0:07:22]} Qa5 {[%clk 0:07:44]} 18. Ng5 {[%clk 0:06:11]} Rac8
{[%clk 0:05:10]} 19. Nxe6 {[%clk 0:03:54]} fxe6 {[%clk 0:05:19]} 20. Re2
{[%clk 0:04:01]} Rfd8 {[%clk 0:01:54]} 21. Rd2 {[%clk 0:03:15]} exd4
{[%clk 0:02:02]} 22. Bxd4 {[%clk 0:03:24]} Bxd4 {[%clk 0:02:10]} 23. Rxd4
{[%clk 0:03:33]} Qb6 {[%clk 0:02:15]} 24. Rd2 {[%clk 0:03:18]} Ne5
{[%clk 0:02:13]} 25. Bd3 {[%clk 0:03:26]} Nxd3 {[%clk 0:01:55]} 26. Rxd3
{[%clk 0:03:35]} Qc5 {[%clk 0:01:32]} 27. Qd2 {[%clk 0:03:33]} Qc2
{[%clk 0:00:46]} 1/2-1/2

[Event "Russian Rapid Team Championship (m)"]
[Site "Sochi"]
[Date "2022.10.19"]
[Round "9.6"]
[White "Smirnov, Pavel"]
[Black "Zvjaginsev, Vadim"]
[Result "1/2-1/2"]
[BlackElo "2498"]
[WhiteElo "2458"]
[LiveChessVersion "1.4.8"]

1. d4 {[%clk 0:15:19]} d5 {[%clk 0:15:18]} 2. c4 {[%clk 0:15:25]} e6
{[%clk 0:15:26]} 3. Nf3 {[%clk 0:15:25]} a6 {[%clk 0:15:33]} 4. e3
{[%clk 0:15:25]} Nf6 {[%clk 0:15:37]} 5. Nc3 {[%clk 0:15:33]} dxc4
{[%clk 0:15:41]} 6. Bxc4 {[%clk 0:15:41]} c5 {[%clk 0:15:48]} 7. O-O
{[%clk 0:15:46]} b5 {[%clk 0:15:51]} 8. Be2 {[%clk 0:14:56]} Nbd7
{[%clk 0:15:59]} 9. d5 {[%clk 0:14:47]} exd5 {[%clk 0:16:06]} 10. Nxd5
{[%clk 0:14:48]} Bb7 {[%clk 0:16:06]} 11. Nxf6+ {[%clk 0:14:51]} Nxf6
{[%clk 0:15:55]} 12. Qxd8+ {[%clk 0:14:24]} Rxd8 {[%clk 0:16:00]} 13. a4
{[%clk 0:14:32]} b4 {[%clk 0:15:38]} 14. Nd2 {[%clk 0:14:41]} Be7
{[%clk 0:14:04]} 15. f3 {[%clk 0:14:13]} Nd5 {[%clk 0:13:25]} 16. Nc4
{[%clk 0:14:21]} Nc7 {[%clk 0:13:29]} 17. e4 {[%clk 0:11:28]} O-O
{[%clk 0:12:52]} 18. Be3 {[%clk 0:11:33]} f5 {[%clk 0:12:40]} 19. Ne5
{[%clk 0:09:44]} fxe4 {[%clk 0:12:10]} 20. Bc4+ {[%clk 0:08:32]} Bd5
{[%clk 0:12:12]} 21. fxe4 {[%clk 0:08:39]} Bxc4 {[%clk 0:12:09]} 22. Nxc4
{[%clk 0:08:47]} Rfe8 {[%clk 0:11:47]} 23. Rad1 {[%clk 0:08:43]} Ne6
{[%clk 0:10:56]} 24. Rd5 {[%clk 0:08:03]} Nc7 {[%clk 0:09:28]} 25. Re5
{[%clk 0:06:21]} Bf8 {[%clk 0:09:16]} 26. Rxe8 {[%clk 0:06:05]} Rxe8
{[%clk 0:08:50]} 27. e5 {[%clk 0:06:14]} Rd8 {[%clk 0:08:54]} 28. Kf2
{[%clk 0:06:16]} Kf7 {[%clk 0:08:55]} 29. Kf3 {[%clk 0:05:40]} Ke6
{[%clk 0:08:21]} 30. Ke4 Be7 {[%clk 0:07:59]} 31. Nd6 {[%clk 0:01:35]} Bxd6
{[%clk 0:06:46]} 32. exd6 {[%clk 0:01:44]} Ne8 {[%clk 0:06:49]} 33. Bxc5
{[%clk 0:01:21]} Ke5+ 1/2-1/2

[Event "Russian Rapid Team Championship (m)"]
[Site "Sochi"]
[Date "2022.10.19"]
[Round "9.7"]
[White "Grachev, Boris"]
[Black "Makarian, Rudik"]
[Result "1-0"]
[BlackElo "2469"]
[WhiteElo "2612"]
[LiveChessVersion "1.4.8"]

1. d4 {[%clk 0:15:19]} Nf6 {[%clk 0:15:17]} 2. c4 {[%clk 0:15:27]} g6
{[%clk 0:15:08]} 3. Nc3 {[%clk 0:15:34]} Bg7 {[%clk 0:15:17]} 4. Nf3
{[%clk 0:15:28]} c5 {[%clk 0:14:07]} 5. d5 {[%clk 0:15:09]} O-O {[%clk 0:13:59]}
6. e4 {[%clk 0:15:08]} d6 {[%clk 0:14:07]} 7. Bd3 {[%clk 0:14:07]} Bg4
{[%clk 0:13:31]} 8. h3 {[%clk 0:13:55]} Bxf3 {[%clk 0:13:25]} 9. Qxf3
{[%clk 0:14:03]} Nfd7 {[%clk 0:12:38]} 10. Qd1 {[%clk 0:13:59]} Na6
{[%clk 0:10:24]} 11. O-O {[%clk 0:13:51]} e5 {[%clk 0:09:47]} 12. Be3
{[%clk 0:12:43]} f5 {[%clk 0:08:56]} 13. exf5 {[%clk 0:08:34]} gxf5
{[%clk 0:09:05]} 14. f4 {[%clk 0:08:42]} e4 {[%clk 0:07:32]} 15. Be2
{[%clk 0:08:51]} Bxc3 {[%clk 0:07:39]} 16. bxc3 {[%clk 0:08:59]} Nc7
{[%clk 0:06:51]} 17. Qe1 {[%clk 0:08:31]} Kh8 {[%clk 0:06:34]} 18. Rb1
{[%clk 0:08:23]} b6 {[%clk 0:05:56]} 19. g4 {[%clk 0:08:18]} Qe7 {[%clk 0:05:59]}
20. Kh2 {[%clk 0:06:38]} b5 {[%clk 0:05:25]} 21. cxb5 {[%clk 0:05:51]} Nxd5
{[%clk 0:05:21]} 22. Bc1 {[%clk 0:05:51]} fxg4 {[%clk 0:04:25]} 23. c4
{[%clk 0:05:39]} g3+ {[%clk 0:03:44]} 24. Qxg3 {[%clk 0:05:47]} N5f6
{[%clk 0:03:53]} 25. Bb2 {[%clk 0:05:49]} a6 {[%clk 0:03:45]} 26. a4
{[%clk 0:04:49]} axb5 {[%clk 0:03:42]} 27. axb5 {[%clk 0:04:55]} Ra2
{[%clk 0:02:46]} 28. Qb3 {[%clk 0:04:58]} Rfa8 {[%clk 0:02:37]} 29. Ra1
{[%clk 0:05:03]} Rxa1 {[%clk 0:02:35]} 30. Rxa1 {[%clk 0:05:05]} Rxa1
{[%clk 0:02:43]} 31. Bxa1 {[%clk 0:05:14]} e3 {[%clk 0:02:13]} 32. Qd3
{[%clk 0:03:23]} Kg8 {[%clk 0:01:49]} 33. Bf3 {[%clk 0:02:49]} Nb6
{[%clk 0:01:31]} 34. Qf5 {[%clk 0:02:43]} Nbd7 {[%clk 0:00:52]} 35. Bc3
{[%clk 0:01:03]} e2 {[%clk 0:00:41]} 36. Be1 {[%clk 0:01:11]} Qe3
{[%clk 0:00:26]} 37. Kg2 {[%clk 0:00:59]} Kg7 {[%clk 0:00:28]} 38. Qc2
{[%clk 0:00:26]} Qxf4 {[%clk 0:00:33]} 39. Qxe2 {[%clk 0:00:34]} Kf7
{[%clk 0:00:22]} 40. Bg3 {[%clk 0:00:40]} Qd4 {[%clk 0:00:27]} 41. Bf2
{[%clk 0:00:42]} Qf4 {[%clk 0:00:29]} 42. Bg3 {[%clk 0:00:32]} Qd4
{[%clk 0:00:39]} 43. Bf2 {[%clk 0:00:29]} Qf4 {[%clk 0:00:47]} 44. Be3
{[%clk 0:00:26]} Qe5 {[%clk 0:00:53]} 45. Qd2 {[%clk 0:00:22]} Nb6
{[%clk 0:00:56]} 46. Bf4 {[%clk 0:00:20]} Qe6 {[%clk 0:00:42]} 47. Qxd6
{[%clk 0:00:26]} Qxd6 {[%clk 0:00:27]} 48. Bxd6 {[%clk 0:00:35]} Nfd7
{[%clk 0:00:17]} 49. Bc7 {[%clk 0:00:39]} Ke7 {[%clk 0:00:15]} 50. Be2
{[%clk 0:00:39]} Na4 {[%clk 0:00:12]} 51. Kg3 {[%clk 0:00:39]} Ndb6
{[%clk 0:00:12]} 52. Kf4 {[%clk 0:00:28]} Kd7 {[%clk 0:00:14]} 53. Be5
{[%clk 0:00:27]} Ke6 {[%clk 0:00:16]} 54. h4 {[%clk 0:00:26]} Nd7
{[%clk 0:00:16]} 55. Bg4+ {[%clk 0:00:33]} Ke7 {[%clk 0:00:26]} 56. Ba1
{[%clk 0:00:13]} Nab6 {[%clk 0:00:26]} 57. Be2 {[%clk 0:00:20]} Nf8
{[%clk 0:00:20]} 58. Kf5 {[%clk 0:00:20]} Ne6 {[%clk 0:00:25]} 59. Bf6+
{[%clk 0:00:24]} Kd7 {[%clk 0:00:34]} 60. Ke4 {[%clk 0:00:26]} Kd6
{[%clk 0:00:28]} 61. Be5+ {[%clk 0:00:28]} Ke7 {[%clk 0:00:32]} 62. h5
{[%clk 0:00:28]} Ng5+ {[%clk 0:00:30]} 63. Kf5 {[%clk 0:00:34]} Nf7
{[%clk 0:00:39]} 64. Bc7 {[%clk 0:00:31]} Nc8 {[%clk 0:00:17]} 65. Ke4
{[%clk 0:00:24]} Kd7 {[%clk 0:00:23]} 66. Bf4 {[%clk 0:00:28]} Nb6
{[%clk 0:00:25]} 67. Kf5 {[%clk 0:00:28]} Ke7 {[%clk 0:00:28]} 68. Bd3
{[%clk 0:00:32]} Nd7 {[%clk 0:00:24]} 69. Bg3 {[%clk 0:00:26]} Nb6
{[%clk 0:00:14]} 70. Bc7 {[%clk 0:00:23]} Nc8 {[%clk 0:00:21]} 71. Kf4
{[%clk 0:00:24]} h6 {[%clk 0:00:12]} 72. b6 {[%clk 0:00:20]} Ncd6
{[%clk 0:00:17]} 73. Be4 {[%clk 0:00:20]} Kd7 {[%clk 0:00:19]} 74. Bd5
{[%clk 0:00:21]} Ng5 {[%clk 0:00:14]} 75. Bxd6 {[%clk 0:00:17]} Kxd6
{[%clk 0:00:23]} 76. Kf5 {[%clk 0:00:24]} Nh3 {[%clk 0:00:28]} 77. Bg2
{[%clk 0:00:21]} Nf2 {[%clk 0:00:35]} 78. Bf3 {[%clk 0:00:15]} Nd3
{[%clk 0:00:38]} 79. b7 {[%clk 0:00:20]} Kc7 {[%clk 0:00:46]} 80. Be4
{[%clk 0:00:24]} Nf2 {[%clk 0:00:40]} 81. Bd5 {[%clk 0:00:26]} Nd3
{[%clk 0:00:46]} 82. Kf6 {[%clk 0:00:25]} Nf4 {[%clk 0:00:45]} 83. Bf3
{[%clk 0:00:32]} Nd3 {[%clk 0:00:54]} 84. Kg7 {[%clk 0:00:28]} Ne5
{[%clk 0:00:57]} 85. Bd5 {[%clk 0:00:37]} Ng4 {[%clk 0:01:01]} 86. Be6
{[%clk 0:00:39]} Ne5 {[%clk 0:00:59]} 87. Kxh6 {[%clk 0:00:41]} Kxb7
{[%clk 0:01:06]} 88. Kg7 {[%clk 0:00:49]} 1-0

[Event "Russian Rapid Team Championship (m)"]
[Site "Sochi"]
[Date "2022.10.19"]
[Round "9.8"]
[White "Demidov, Mikhail"]
[Black "Popov, Ivan"]
[Result "1-0"]
[BlackElo "2616"]
[WhiteElo "2488"]
[LiveChessVersion "1.4.8"]

1. d4 {[%clk 0:15:18]} d5 {[%clk 0:15:18]} 2. Nf3 {[%clk 0:15:26]} Nf6
{[%clk 0:15:26]} 3. c4 {[%clk 0:14:55]} c6 {[%clk 0:15:34]} 4. e3
{[%clk 0:14:56]} Bg4 {[%clk 0:15:41]} 5. Nbd2 {[%clk 0:14:53]} e6
{[%clk 0:15:38]} 6. Bd3 {[%clk 0:15:01]} Nbd7 {[%clk 0:15:43]} 7. b3
{[%clk 0:14:25]} Bd6 {[%clk 0:15:11]} 8. Bb2 {[%clk 0:14:34]} Qe7
{[%clk 0:15:09]} 9. Qc2 {[%clk 0:14:23]} Ba3 {[%clk 0:14:36]} 10. O-O
{[%clk 0:12:47]} Bxb2 {[%clk 0:14:34]} 11. Qxb2 {[%clk 0:12:55]} O-O
{[%clk 0:14:36]} 12. b4 {[%clk 0:11:48]} Rfe8 {[%clk 0:13:46]} 13. cxd5
{[%clk 0:07:23]} cxd5 {[%clk 0:13:00]} 14. Ne5 {[%clk 0:06:03]} Nxe5
{[%clk 0:10:50]} 15. dxe5 {[%clk 0:06:12]} Nd7 {[%clk 0:10:59]} 16. Bb5
{[%clk 0:06:09]} Rec8 {[%clk 0:10:34]} 17. Bxd7 {[%clk 0:05:53]} Qxd7
{[%clk 0:10:43]} 18. Rfc1 {[%clk 0:05:50]} Qb5 {[%clk 0:07:36]} 19. a3
{[%clk 0:04:56]} a5 {[%clk 0:04:02]} 20. h3 {[%clk 0:03:34]} Bh5 {[%clk 0:03:54]}
21. Rxc8+ {[%clk 0:03:17]} Rxc8 {[%clk 0:04:02]} 22. Rc1 {[%clk 0:03:26]} Rxc1+
{[%clk 0:03:36]} 23. Qxc1 {[%clk 0:03:34]} h6 {[%clk 0:03:41]} 24. bxa5
{[%clk 0:02:46]} Qxa5 {[%clk 0:03:48]} 25. Nb3 {[%clk 0:02:45]} Qa4
{[%clk 0:02:34]} 26. Qb2 {[%clk 0:02:06]} Qb5 {[%clk 0:02:11]} 27. Qc3
{[%clk 0:01:56]} Bg6 {[%clk 0:01:59]} 28. f3 {[%clk 0:00:47]} Qe2
{[%clk 0:01:26]} 29. Nd4 {[%clk 0:00:43]} Qa2 {[%clk 0:01:28]} 30. Kh2
{[%clk 0:00:42]} Kh7 {[%clk 0:01:33]} 31. Kg3 {[%clk 0:00:42]} h5
{[%clk 0:01:37]} 32. h4 {[%clk 0:00:26]} Qb1 {[%clk 0:01:38]} 33. Ne2
{[%clk 0:00:20]} Bd3 {[%clk 0:00:51]} 34. Nf4 {[%clk 0:00:24]} Bc4
{[%clk 0:00:49]} 35. Nh3 {[%clk 0:00:18]} Kg6 {[%clk 0:00:22]} 36. Nf4+
{[%clk 0:00:18]} Kh7 {[%clk 0:00:30]} 37. Kh2 {[%clk 0:00:19]} Qf5
{[%clk 0:00:29]} 38. Qb2 {[%clk 0:00:21]} b5 {[%clk 0:00:19]} 39. Qc3
{[%clk 0:00:18]} f6 {[%clk 0:00:18]} 40. exf6 {[%clk 0:00:19]} Qxf6
{[%clk 0:00:15]} 41. Qxf6 {[%clk 0:00:26]} gxf6 {[%clk 0:00:24]} 42. Nxe6
{[%clk 0:00:35]} 1-0

[Event "Russian Rapid Team Championship (m)"]
[Site "Sochi"]
[Date "2022.10.19"]
[Round "9.9"]
[White "Tomashevsky, Evgeny"]
[Black "Artemiev, Vladislav"]
[Result "1/2-1/2"]
[BlackElo "2710"]
[WhiteElo "2631"]
[LiveChessVersion "1.4.8"]

1. d4 {[%clk 0:15:18]} d5 {[%clk 0:15:09]} 2. c4 {[%clk 0:15:27]} c6
{[%clk 0:15:17]} 3. Nf3 {[%clk 0:15:30]} Nf6 {[%clk 0:15:25]} 4. Nc3
{[%clk 0:15:38]} dxc4 {[%clk 0:15:33]} 5. a4 {[%clk 0:15:40]} e6 {[%clk 0:15:41]}
6. e3 {[%clk 0:15:34]} c5 {[%clk 0:15:50]} 7. Bxc4 {[%clk 0:15:41]} cxd4
{[%clk 0:15:58]} 8. exd4 {[%clk 0:15:17]} Nc6 {[%clk 0:16:05]} 9. O-O
{[%clk 0:15:24]} Be7 {[%clk 0:16:13]} 10. Re1 {[%clk 0:14:52]} O-O
{[%clk 0:16:17]} 11. Bg5 {[%clk 0:14:52]} h6 {[%clk 0:12:38]} 12. Bf4
{[%clk 0:13:39]} Nd5 {[%clk 0:11:13]} 13. Bxd5 {[%clk 0:09:12]} exd5
{[%clk 0:11:21]} 14. Qb3 {[%clk 0:08:43]} Bb4 {[%clk 0:10:53]} 15. Ne5
{[%clk 0:08:51]} a5 {[%clk 0:09:35]} 16. Red1 {[%clk 0:08:59]} Be6
{[%clk 0:05:45]} 17. Nb5 {[%clk 0:09:07]} Rc8 {[%clk 0:05:32]} 18. Qg3
{[%clk 0:08:32]} Ne7 {[%clk 0:03:56]} 19. Rac1 {[%clk 0:08:38]} Nf5
{[%clk 0:03:50]} 20. Qd3 {[%clk 0:08:47]} Qe7 {[%clk 0:03:06]} 21. Bd2
{[%clk 0:08:09]} Rfe8 {[%clk 0:02:08]} 22. h3 {[%clk 0:07:55]} Bxd2
{[%clk 0:01:32]} 23. Qxd2 {[%clk 0:08:03]} b6 {[%clk 0:01:41]} 24. Re1
{[%clk 0:06:14]} Nd6 {[%clk 0:01:25]} 25. Nc6 {[%clk 0:04:35]} Qd7
{[%clk 0:01:28]} 26. Ne5 {[%clk 0:04:43]} Qe7 {[%clk 0:01:37]} 27. Nc6
{[%clk 0:03:38]} Qd7 {[%clk 0:01:37]} 28. Ne5 {[%clk 0:03:38]} 1/2-1/2

[Event "Russian Rapid Team Championship (m)"]
[Site "Sochi"]
[Date "2022.10.19"]
[Round "9.10"]
[White "Sjugirov, Sanan"]
[Black "Chigaev, Maksim"]
[Result "1/2-1/2"]
[BlackElo "2540"]
[WhiteElo "2609"]
[LiveChessVersion "1.4.8"]

1. e4 {[%clk 0:15:16]} c5 {[%clk 0:15:19]} 2. Nf3 {[%clk 0:15:10]} e6
{[%clk 0:15:26]} 3. c3 {[%clk 0:14:47]} d5 {[%clk 0:15:25]} 4. e5
{[%clk 0:14:43]} Nc6 {[%clk 0:15:29]} 5. d4 {[%clk 0:14:50]} Bd7 {[%clk 0:15:37]}
6. Be2 {[%clk 0:14:47]} Nge7 {[%clk 0:15:43]} 7. O-O {[%clk 0:14:50]} Ng6
{[%clk 0:14:37]} 8. Be3 {[%clk 0:14:21]} cxd4 {[%clk 0:14:26]} 9. cxd4
{[%clk 0:14:30]} f6 {[%clk 0:14:27]} 10. Bd3 {[%clk 0:12:04]} fxe5
{[%clk 0:11:51]} 11. Bxg6+ {[%clk 0:12:07]} hxg6 {[%clk 0:12:00]} 12. Nxe5
{[%clk 0:11:01]} Nxe5 {[%clk 0:10:16]} 13. dxe5 {[%clk 0:11:08]} Qh4
{[%clk 0:10:23]} 14. h3 {[%clk 0:11:11]} Qh5 {[%clk 0:10:25]} 15. f4
{[%clk 0:09:18]} b6 {[%clk 0:08:35]} 16. Nd2 {[%clk 0:07:18]} Bc5
{[%clk 0:07:53]} 17. Bxc5 {[%clk 0:05:44]} bxc5 {[%clk 0:08:01]} 18. Qxh5
{[%clk 0:05:15]} gxh5 {[%clk 0:07:32]} 19. Nb3 {[%clk 0:05:24]} c4
{[%clk 0:06:04]} 20. Nd4 {[%clk 0:05:32]} Rb8 {[%clk 0:06:10]} 21. b3
{[%clk 0:05:30]} Ke7 {[%clk 0:05:34]} 22. Kf2 {[%clk 0:03:23]} Rhc8
{[%clk 0:05:33]} 23. Rfc1 {[%clk 0:03:23]} a5 {[%clk 0:05:41]} 24. Ke3
{[%clk 0:03:20]} a4 {[%clk 0:05:34]} 25. bxc4 {[%clk 0:03:22]} Rxc4
{[%clk 0:05:21]} 26. Rxc4 {[%clk 0:02:42]} dxc4 {[%clk 0:05:30]} 27. Kd2
{[%clk 0:02:48]} a3 {[%clk 0:03:32]} 28. Nc2 {[%clk 0:02:38]} Bc6
{[%clk 0:03:27]} 29. Nxa3 {[%clk 0:01:57]} Rb2+ {[%clk 0:02:26]} 30. Kc3
{[%clk 0:02:01]} Rxg2 {[%clk 0:02:34]} 31. Nxc4 {[%clk 0:01:56]} Rg3+
{[%clk 0:02:21]} 32. Kd4 {[%clk 0:02:03]} Rxh3 {[%clk 0:01:58]} 33. Rg1
{[%clk 0:02:12]} Kf8 {[%clk 0:01:53]} 34. Rg5 {[%clk 0:00:24]} h4
{[%clk 0:01:00]} 35. f5 {[%clk 0:00:33]} exf5 {[%clk 0:00:29]} 36. Rxf5+
{[%clk 0:00:42]} Ke7 {[%clk 0:00:32]} 37. Rg5 {[%clk 0:00:23]} Rg3
{[%clk 0:00:40]} 38. Rxg3 {[%clk 0:00:17]} hxg3 {[%clk 0:00:49]} 39. Ke3
{[%clk 0:00:26]} Ke6 {[%clk 0:00:37]} 40. Nd2 {[%clk 0:00:24]} Bd5
{[%clk 0:00:16]} 41. Ke2 {[%clk 0:00:14]} Kxe5 {[%clk 0:00:20]} 42. a4
{[%clk 0:00:17]} Kf4 {[%clk 0:00:19]} 43. Kf1 {[%clk 0:00:17]} g5
{[%clk 0:00:17]} 44. Kg1 {[%clk 0:00:25]} Ke3 {[%clk 0:00:22]} 45. Nf1+
{[%clk 0:00:34]} Kf4 {[%clk 0:00:31]} 46. Nd2 {[%clk 0:00:42]} Ke3
{[%clk 0:00:19]} 47. Nf1+ {[%clk 0:00:50]} Kf3 {[%clk 0:00:26]} 48. a5
{[%clk 0:00:54]} g2 {[%clk 0:00:30]} 49. Nd2+ {[%clk 0:00:58]} Ke3
{[%clk 0:00:33]} 50. Nb1 {[%clk 0:01:01]} Kd4 {[%clk 0:00:32]} 51. a6
{[%clk 0:01:05]} Kc5 {[%clk 0:00:31]} 52. Nc3 {[%clk 0:01:03]} Ba8
{[%clk 0:00:32]} 53. Nd1 {[%clk 0:01:08]} Kb6 {[%clk 0:00:39]} 54. Ne3
{[%clk 0:01:13]} Kxa6 {[%clk 0:00:47]} 55. Nxg2 {[%clk 0:01:22]} Bxg2
{[%clk 0:00:55]} 56. Kxg2 {[%clk 0:01:31]} g4 {[%clk 0:01:04]} 57. Kg3
{[%clk 0:01:41]} Ka7 {[%clk 0:01:13]} 58. Kxg4 1/2-1/2

[Event "Russian Rapid Team Championship (m)"]
[Site "Sochi"]
[Date "2022.10.19"]
[Round "9.11"]
[White "Khegay, Dmitriy"]
[Black "Timofeev, Artyom"]
[Result "1/2-1/2"]
[BlackElo "2560"]
[WhiteElo "2486"]
[LiveChessVersion "1.4.8"]

1. d4 {[%clk 0:15:19]} Nf6 {[%clk 0:15:18]} 2. Bf4 {[%clk 0:15:24]} g6
{[%clk 0:14:52]} 3. Nc3 {[%clk 0:15:28]} Bg7 {[%clk 0:14:49]} 4. e4
{[%clk 0:15:36]} d6 {[%clk 0:14:57]} 5. Qd2 {[%clk 0:15:44]} c6 {[%clk 0:14:10]}
6. Bh6 {[%clk 0:15:17]} Bxh6 {[%clk 0:14:17]} 7. Qxh6 {[%clk 0:15:26]} Qa5
{[%clk 0:14:26]} 8. Bd3 {[%clk 0:15:09]} Be6 {[%clk 0:13:19]} 9. Nf3
{[%clk 0:14:43]} Nbd7 {[%clk 0:13:18]} 10. O-O {[%clk 0:14:40]} Qh5
{[%clk 0:13:03]} 11. Qf4 {[%clk 0:14:12]} O-O {[%clk 0:09:39]} 12. h3
{[%clk 0:14:21]} Kg7 {[%clk 0:08:08]} 13. Ne2 {[%clk 0:14:28]} Qa5
{[%clk 0:08:13]} 14. c4 {[%clk 0:14:07]} d5 {[%clk 0:07:12]} 15. cxd5
{[%clk 0:13:06]} cxd5 {[%clk 0:07:20]} 16. e5 {[%clk 0:13:14]} Ne4
{[%clk 0:07:28]} 17. Bxe4 {[%clk 0:12:51]} dxe4 {[%clk 0:07:36]} 18. Qxe4
{[%clk 0:12:29]} Bd5 {[%clk 0:07:43]} 19. Qg4 {[%clk 0:11:48]} e6
{[%clk 0:06:51]} 20. Nc3 {[%clk 0:09:17]} Rac8 {[%clk 0:05:50]} 21. Nh2
{[%clk 0:07:20]} Rc4 {[%clk 0:05:31]} 22. Qf4 {[%clk 0:07:03]} h5
{[%clk 0:04:31]} 23. Rad1 {[%clk 0:07:11]} Bc6 {[%clk 0:03:42]} 24. Rfe1
{[%clk 0:06:52]} f6 {[%clk 0:02:49]} 25. Qe3 {[%clk 0:06:30]} fxe5
{[%clk 0:02:48]} 26. dxe5 {[%clk 0:06:39]} Qb6 {[%clk 0:02:33]} 27. Qxb6
{[%clk 0:05:42]} Nxb6 {[%clk 0:02:41]} 28. Nf1 {[%clk 0:05:41]} Rc5
{[%clk 0:02:19]} 29. Rd6 {[%clk 0:03:37]} Nc4 {[%clk 0:01:48]} 30. Rxe6
{[%clk 0:03:46]} Nxb2 {[%clk 0:01:56]} 31. Ne4 {[%clk 0:03:55]} Bxe4
{[%clk 0:01:21]} 32. Rxe4 {[%clk 0:04:04]} Nd3 {[%clk 0:01:29]} 33. f3
{[%clk 0:03:10]} Rf5 {[%clk 0:00:35]} 34. Re3 {[%clk 0:01:58]} Rfxe5
{[%clk 0:00:26]} 35. Re7+ {[%clk 0:02:01]} Rxe7 {[%clk 0:00:30]} 36. Rxe7+
{[%clk 0:02:09]} Kf6 {[%clk 0:00:31]} 37. Rxb7 {[%clk 0:02:17]} Ra5
{[%clk 0:00:37]} 38. Rd7 {[%clk 0:01:58]} Nb4 {[%clk 0:00:33]} 39. Rd6+
{[%clk 0:02:02]} Kf7 {[%clk 0:00:38]} 40. Ne3 {[%clk 0:01:42]} Nxa2
{[%clk 0:00:22]} 41. f4 {[%clk 0:01:16]} Nc3 {[%clk 0:00:24]} 42. Nc4
{[%clk 0:01:17]} Ra2 {[%clk 0:00:26]} 43. Kh2 {[%clk 0:00:40]} Ne2
{[%clk 0:00:33]} 44. Ne5+ {[%clk 0:00:42]} Ke7 {[%clk 0:00:42]} 45. Rc6
{[%clk 0:00:17]} Nxf4 {[%clk 0:00:39]} 46. Nxg6+ {[%clk 0:00:26]} Kd7
{[%clk 0:00:45]} 47. Ne5+ {[%clk 0:00:31]} Ke7 {[%clk 0:00:54]} 48. Ng6+
{[%clk 0:00:20]} Kd7 {[%clk 0:01:03]} 49. Ne5+ {[%clk 0:00:29]} Ke7
{[%clk 0:01:12]} 50. Kg3 {[%clk 0:00:20]} Nxg2 {[%clk 0:01:20]} 51. Rc3
{[%clk 0:00:27]} h4+ {[%clk 0:01:21]} 52. Kg4 {[%clk 0:00:25]} Ra4+
{[%clk 0:01:27]} 53. Kf3 {[%clk 0:00:34]} Nf4 {[%clk 0:01:32]} 54. Nc6+
{[%clk 0:00:30]} Kf6 {[%clk 0:01:24]} 55. Nxa7 {[%clk 0:00:36]} Nxh3
{[%clk 0:01:31]} 56. Rc6+ {[%clk 0:00:45]} Kf5 {[%clk 0:01:33]} 57. Rc5+
{[%clk 0:00:54]} Kg6 {[%clk 0:01:42]} 58. Nc6 {[%clk 0:00:58]} Ng5+
{[%clk 0:01:50]} 59. Ke3 {[%clk 0:00:48]} Ra3+ {[%clk 0:01:52]} 60. Ke2
{[%clk 0:00:54]} Ne4 {[%clk 0:01:19]} 61. Ne5+ {[%clk 0:00:57]} Kf5
{[%clk 0:01:16]} 62. Nc4+ {[%clk 0:01:04]} Nxc5 {[%clk 0:01:24]} 63. Nxa3
{[%clk 0:01:13]} Kg4 {[%clk 0:01:18]} 64. Nc2 {[%clk 0:00:50]} Kg3
{[%clk 0:01:22]} 65. Ne3 {[%clk 0:00:20]} h3 {[%clk 0:01:28]} 66. Nf1+
{[%clk 0:00:20]} Kg2 {[%clk 0:01:19]} 67. Ne3+ {[%clk 0:00:29]} Kg1
{[%clk 0:00:46]} 68. Ng4 {[%clk 0:00:38]} Kg2 {[%clk 0:00:46]} 69. Ne3+
{[%clk 0:00:46]} Kg3 {[%clk 0:00:54]} 70. Nf1+ {[%clk 0:00:55]} Kg2
{[%clk 0:00:59]} 71. Ne3+ {[%clk 0:01:03]} Kg1 {[%clk 0:00:30]} 72. Ng4
{[%clk 0:01:11]} Nd7 {[%clk 0:00:34]} 73. Kf3 {[%clk 0:01:19]} Nf6
{[%clk 0:00:42]} 74. Kg3 {[%clk 0:01:25]} Nxg4 {[%clk 0:00:50]} 75. Kxh3 1/2-1/2

[Event "Russian Rapid Team Championship (m)"]
[Site "Sochi"]
[Date "2022.10.19"]
[Round "9.12"]
[White "Faizrakhmanov, Ramil"]
[Black "Drygalov, Andrey"]
[Result "1/2-1/2"]
[BlackElo "2456"]
[WhiteElo "2475"]
[LiveChessVersion "1.4.8"]

1. d4 {[%clk 0:15:19]} Nf6 {[%clk 0:15:19]} 2. c4 {[%clk 0:15:28]} e6
{[%clk 0:15:28]} 3. Nf3 {[%clk 0:15:37]} d5 {[%clk 0:15:37]} 4. Nc3
{[%clk 0:15:46]} c6 {[%clk 0:15:41]} 5. e3 {[%clk 0:15:54]} Nbd7 {[%clk 0:15:49]}
6. Qc2 {[%clk 0:16:03]} Bd6 {[%clk 0:15:54]} 7. b3 {[%clk 0:16:11]} O-O 8. Be2
{[%clk 0:16:14]} b6 {[%clk 0:16:01]} 9. O-O {[%clk 0:16:20]} Bb7 {[%clk 0:16:09]}
10. Bb2 {[%clk 0:16:28]} Qe7 {[%clk 0:16:11]} 11. Rfe1 {[%clk 0:16:35]} Rfe8
{[%clk 0:16:19]} 12. Rad1 {[%clk 0:16:41]} Rad8 {[%clk 0:16:26]} 13. h3
{[%clk 0:16:43]} c5 {[%clk 0:15:25]} 14. cxd5 {[%clk 0:16:48]} exd5
{[%clk 0:15:07]} 15. Ba1 {[%clk 0:16:35]} Rc8 {[%clk 0:14:39]} 16. dxc5
{[%clk 0:16:41]} Bxc5 {[%clk 0:13:42]} 17. Rc1 {[%clk 0:14:08]} Bb4
{[%clk 0:11:35]} 18. Red1 {[%clk 0:13:26]} Rc5 {[%clk 0:05:39]} 19. Qb2
{[%clk 0:12:04]} Rec8 {[%clk 0:05:20]} 20. Nb1 {[%clk 0:12:08]} Rxc1
{[%clk 0:04:00]} 21. Rxc1 {[%clk 0:12:17]} Rxc1+ {[%clk 0:04:05]} 22. Qxc1
{[%clk 0:12:25]} Bc5 {[%clk 0:04:12]} 23. Bd4 {[%clk 0:11:29]} Ne4
{[%clk 0:04:03]} 24. Nbd2 {[%clk 0:11:00]} Qd6 {[%clk 0:03:18]} 25. Bb5
{[%clk 0:09:54]} Ndf6 {[%clk 0:02:47]} 26. Nxe4 {[%clk 0:09:29]} Nxe4
{[%clk 0:02:29]} 27. Qc2 {[%clk 0:09:23]} f6 {[%clk 0:02:25]} 28. Bd3
{[%clk 0:09:25]} Bb4 {[%clk 0:02:02]} 29. Bb2 {[%clk 0:09:25]} Qc5
{[%clk 0:01:52]} 30. a3 {[%clk 0:07:51]} Qxc2 {[%clk 0:01:38]} 31. Bxc2
{[%clk 0:08:00]} Bd6 {[%clk 0:01:46]} 32. Nd4 {[%clk 0:07:09]} Be5
{[%clk 0:01:47]} 33. f3 {[%clk 0:07:00]} Nc5 {[%clk 0:01:55]} 34. b4
{[%clk 0:06:40]} Ne6 {[%clk 0:01:54]} 35. f4 {[%clk 0:04:31]} Bxd4
{[%clk 0:01:38]} 36. Bxd4 {[%clk 0:04:32]} Nxd4 {[%clk 0:01:42]} 37. exd4
{[%clk 0:04:41]} Bc8 {[%clk 0:01:32]} 38. h4 {[%clk 0:04:38]} f5 {[%clk 0:00:59]}
39. Kf2 {[%clk 0:04:27]} Be6 {[%clk 0:01:03]} 40. Ke3 {[%clk 0:04:31]} Kf7
{[%clk 0:00:56]} 41. g3 {[%clk 0:04:07]} h5 {[%clk 0:00:52]} 42. Ke4 1/2-1/2